000 01081cam a2200301 a 4500
001 2524748
003 PILC
005 20150504123358.0
008 930914s1994 miua b 001 0 eng
010 _a 93035801
020 _a0866120726
040 _aDLC
_cDLC
_dDLC
050 0 0 _aHF 5686
_bSc348 1994
082 0 0 _a657/.837
100 1 _aSchmidgall, Raymond S.,
_d1945-
245 1 0 _aHospitality industry financial accounting /
_cRaymond S. Schmidgall, James W. Damitio.
260 _aEast Lansing, Mich. :
_bEducation Institute of the American Hotel & Motel Association,
_c1994.
300 _axiv, 497 pages :
_billustrations ;
_c29 cm.
500 _aSpine title: Financial accounting.
504 _aIncludes glossary and index.
650 0 _aHospitality industry
_xAccounting.
650 0 _aAccounting.
700 1 _aDamitio, James W.
740 0 _aFinancial accounting.
906 _a7
_bcbc
_corignew
_d1
_eocip
_f19
_gy-gencatlg
942 _2lcc
_cBK
999 _c283818
_d283818